000 00940cam a2200241 i 4500
008 240515s2021 moua b 001 0 eng
020 _a9780323673327
050 0 0 _aRJ370
_b.P382 2021
082 0 0 _a618.92/0025
245 1 0 _aPediatric acute care :
_ba guide for interprofessional practice /
_cedited by Beth Nachtsheim Bolick, Karin Reuter-Rice, Maureen A. Madden, Paul N. Severin.
250 _a2nd edition.
260 _aMissouri
_bElsevier Ltd
_c2021
300 _axxvi, 1252 pages :
_billustrations (some color) ;
500 _aRevised edition of: Pediatric acute care : a guide for interprofessional practice / edited by Karin Reuter-Rice, Beth Bolick. [2012].
650 0 _aPediatric emergencies.
650 0 _aPediatric intensive care.
650 0 _aPediatric nursing.
700 1 _aBolick, Beth Nachtsheim,
700 1 _aReuter-Rice, Karin,
700 1 _aMadden, Maureen A.,
700 1 _aSeverin, Paul N.,
942 _cBK
999 _c2413
_d2413